000 00500nam a2200193Ia 4500
003 OSt
005 20230607084410.0
008 210423s2012 xx 000 0 und d
040 _cAL
041 _aeng
082 _a362.19 WHOV
100 _aWHO
_9120825
245 _aVoluntary HIV counselling and testing
260 _aNew Delhi
_bWHO
_c2012
365 _cINR
650 _aSocial Welfare Problems & Services
_9120826
906 _acounselling ; HIV ; testing ; Voluntary
942 _2ddc
_cBK
999 _c176045
_d176045